| 000 | 00709nam a2200241Ia 4500 | ||
|---|---|---|---|
| 005 | 20250508162629.0 | ||
| 008 | 008 250505s9999 xx 000 0 eng d | ||
| 020 | _a0-13-069402-9 | ||
| 037 | _aTextual | ||
| 040 |
_aFEDL _beng _cFEDL |
||
| 041 |
_aeng _2eng |
||
| 084 |
_a001.422, HOP _qFEDL |
||
| 100 | _aHopkins Kenneth D | ||
| 245 | 0 | _aBasic statistics for the behavioral sciences | |
| 250 | _a2 | ||
| 260 |
_aNew Jersey, USA _bPrinceton University Press _c1978 |
||
| 300 | _ax, 309p | ||
| 365 |
_aUSD _b38 |
||
| 650 |
_aSocial sciences- Statistical methods _9773633 |
||
| 700 |
_a Glass Gene V Hopkins B R _9773634 |
||
| 942 |
_cTEXL _h001.422, HOP |
||
| 999 |
_c1377727 _d1377727 |
||